Príspevok k formovaniu polôh urbánneho útvaru

Bibliographic Details
Main Author: Kavan, Ján, 1934-2017 (Author)
Format: Article
Language:Slovak
PhysicalDescription:Obr. 14. Res. rus., angl., nem.
Subjects:

MARC

LEADER 00000nab a2200000 a 4500
001 vtls000054356
003 SK-MaSNL
005 20260303213411.0
008 140402c1980 xo 0 slo
015 |a SNBRB19rr/mm-uuuuu 
035 |a CL0064453 
040 |a SNKBUCL  |b slo  |c SNKBUCL  |e AACR2 
041 0 |a slo 
044 |a xo  |c SK 
080 |a 71  |2 1981 
100 1 |a Kavan, Ján,  |d 1934-2017  |4 aut  |9 37299 
245 1 0 |a Príspevok k formovaniu polôh urbánneho útvaru  |c Ján Kavan 
300 |b Obr. 14. Res. rus., angl., nem. 
650 0 7 |a urbanizmus  |2 snkbucl  |9 2925 
655 7 |a články z novín a časopisov  |2 snkbucl  |9 267496 
773 0 |t Architektúra a urbanizmus  |g Roč. 14, č. 1 (1980), s. 11-27 
850 |a Slovenská národná knižnica v Martine  |a MTA001 
852 |a SNK  |b KIS3GCP 
958 |a RK 
992 |a RBX 
999 |c 2211876  |d 2213806